Televízna reklama od nápadu k realizácii

Charakteristika a žánre televíznej reklamy. Tvorba televíznych spotov. Čo divák uprednostňuje.

Salvato in:
Dettagli Bibliografici
Autore principale: Horňák, Pavel
Natura: Capitolo di libro
Lingua:slovacco
Soggetti:
Tags: Aggiungi Tag
Nessun Tag, puoi essere il primo ad aggiungerne!!

MARC

LEADER 00000naa a2200000 4500
001 r001033
005 20221213114725.2
041 0 |a slo 
044 |a SK 
245 1 0 |a Televízna reklama od nápadu k realizácii  |c Pavel Horňák 
520 |a Charakteristika a žánre televíznej reklamy. Tvorba televíznych spotov. Čo divák uprednostňuje. 
610 2 0 |a reklama 
610 2 0 |a televízia 
100 1 |a Horňák, Pavel